盛岡駅から出ている行き先 - Statistics

General Stats
  • This quiz has been taken 281 times
  • The average score is 19 of 25
Answer Stats
Answer % Correct
新函館北斗
99%
新青森
99%
東京
99%
仙台
98%
秋田
94%
一ノ関
93%
八戸
92%
田沢湖
91%
北上
90%
大曲
87%
雫石
82%
宮古
81%
いわて沼宮内
78%
二戸
78%
大館
77%
鹿角花輪
70%
好摩
65%
釜石
55%
滝沢
55%
金田一温泉
54%
矢幅
53%
上米内
53%
赤渕
49%
日詰
46%
荒屋新町
38%
No matching quizzes found
Score Distribution
Percent of People with Each Score
Percentile by Number Answered
Your Score History
You have not taken this quiz